000
00316nam a2200121Ia 4500
008
190216s9999||||xx |||||||||||||| ||und||
100
_a
Emile Logauis
245
2
_a
A Short History Of English Literature
260
_b
The English Language Books
_c
1934
300
_a
404p
650
_a
English Literature
942
_c
BK
999
_c
11577
_d
11577